Study of Bharathapuzha basin with special reference to checkdams (Record no. 15237)
[ view plain ]
| 000 -LEADER | |
|---|---|
| fixed length control field | 00644nam a22001817a 4500 |
| 003 - CONTROL NUMBER IDENTIFIER | |
| control field | OSt |
| 088 ## - REPORT NUMBER | |
| Report number | P 93 |
| 100 ## - MAIN ENTRY--AUTHOR NAME | |
| Personal name | PREMRAJ P |
| 245 ## - TITLE STATEMENT | |
| Title | Study of Bharathapuzha basin with special reference to checkdams |
| 260 ## - PUBLICATION, DISTRIBUTION, ETC. (IMPRINT) | |
| Place of publication | Tavanur 1999 |
| Name of publisher | Department of irrigation and drainage engineering |
| 300 ## - PHYSICAL DESCRIPTION | |
| Number of Pages | 122 |
| 500 ## - GENERAL NOTE | |
| General note | Study of Bharathapuzha basin with special reference to checkdams |
| 520 ## - SUMMARY, ETC. | |
| Summary, etc | Study of Bharathapuzha basin with special reference to checkdams |
| 700 ## - ADDED ENTRY--PERSONAL NAME | |
| Personal name | Er. Suseela P (Guide) |
| 856 ## - ELECTRONIC LOCATION AND ACCESS | |
| Uniform Resource Identifier | https://drive.google.com/open?id=1tdS2KBPHwgYNIBd_zAqrxhuQBeqcNI3_ |
| 942 ## - ADDED ENTRY ELEMENTS (KOHA) | |
| Koha item type | Project Report |
| Collection code | Home library | Current library | Shelving location | Full call number | Accession Number | Koha item type |
|---|---|---|---|---|---|---|
| Reference | KAUAET | KAUAET | Reference | 631.587 PRE/ST | P 93 | Project Report |
